000 00385cam a2200169 4500
001 M785
008 090401t1968 xxu||||| |||| 00| 0 eng d
035 _a(Sirsi) u5370
041 _aeng
110 _aUnited Kingdom
_kLaws, etc
_95044
245 _aRent Act 1968.
260 _aLondon
_bHMSO
_c1968
300 _avii,27p. ; 25cm.
350 _a0
942 _n0
948 _c04/03/1997
999 _c86169
_d86169